| 000 | 00826nam a2200265Ia 4500 | ||
|---|---|---|---|
| 008 | 170203s9999 xx 000 0 und d | ||
| 020 | _a1888777753 | ||
| 050 | _a403 | ||
| 050 | _bN532 1999 | ||
| 100 | _aHarkavy, Michael David. | ||
| 245 | 4 | _aThe new Webster's international encyclopedia : | |
| 245 | _bthe new illustrated reference guide / | ||
| 245 | _cMichael D. Harkavy, editor-in-chief. | ||
| 250 | _aRevised edition. | ||
| 260 | _aNaples, Fla. : | ||
| 260 | _bTrident Press International, | ||
| 260 | _c1999 | ||
| 300 | _a2 volumes ; | ||
| 300 | _billustrations (some color), maps ; | ||
| 300 | _c29 cm. | ||
| 440 | _vvol. 1 | ||
| 650 | _aChildren's encyclopedias and dictionaries. | ||
| 650 | _aEncyclopedias and dictionaries. | ||
| 700 | _aWebster's international encyclopedia, Other title. | ||
| 999 |
_c305666 _d305666 |
||